<?xml version="1.0" encoding="UTF-8"?>
<marc:record xmlns:marc="http://www.loc.gov/MARC21/slim">
   <marc:leader>00000nam a2200000 a 4500</marc:leader>
   <marc:datafield ind1="1" ind2=" " tag="100">
      <marc:subfield code="a">Berg, Beate</marc:subfield>
      <marc:subfield code="4">aut</marc:subfield>
      <marc:subfield code="e">Verfasser/-in</marc:subfield>
   </marc:datafield>
   <marc:datafield ind1="1" ind2=" " tag="100">
      <marc:subfield code="a">Lelley, Jan</marc:subfield>
      <marc:subfield code="4">aut</marc:subfield>
      <marc:subfield code="e">Verfasser/-in</marc:subfield>
   </marc:datafield>
   <marc:datafield ind1=" " ind2=" " tag="653">
      <marc:subfield code="a">Mykotherapie</marc:subfield>
   </marc:datafield>
   <marc:datafield ind1=" " ind2=" " tag="653">
      <marc:subfield code="a">Heilpilze</marc:subfield>
   </marc:datafield>
   <marc:datafield ind1=" " ind2=" " tag="653">
      <marc:subfield code="a">Vitalpilze</marc:subfield>
   </marc:datafield>
   <marc:datafield ind1=" " ind2=" " tag="653">
      <marc:subfield code="a">Softcover / Ratgeber/Gesundheit/Alternative Heilverfahren</marc:subfield>
   </marc:datafield>
   <marc:datafield ind1="0" ind2="0" tag="245">
      <marc:subfield code="a">Apotheke der Heilpilze</marc:subfield>
   </marc:datafield>
   <marc:datafield ind1="0" ind2="0" tag="245">
      <marc:subfield code="b">Kompendium der Mykotherapie: Einsatzmöglichkeiten der wichtigsten Vitalpilze in Prävention und Therapie</marc:subfield>
   </marc:datafield>
   <marc:datafield ind1="0" ind2="0" tag="245">
      <marc:subfield code="c">Beate Berg ; Jan I. Lelley</marc:subfield>
   </marc:datafield>
   <marc:datafield ind1=" " ind2="1" tag="264">
      <marc:subfield code="a">Weil der Stadt</marc:subfield>
      <marc:subfield code="b">Naturaviva</marc:subfield>
   </marc:datafield>
   <marc:datafield ind1="1" ind2=" " tag="490">
      <marc:subfield code="a">Natürlich gesund</marc:subfield>
   </marc:datafield>
   <marc:datafield ind1="1" ind2=" " tag="520">
      <marc:subfield code="a">Angaben aus der Verlagsmeldung

Apotheke der Heilpilze : Kompendium der Mykotherapie: Einsatzmöglichkeiten der wichtigsten Vitalpilze in Prävention und Therapie / von Beate Berg, Jan I. Lelley

In der Heilkunde der Antike waren sie bereits bekannt, sogar Ötzi nutzte sie und die Traditionelle Chinesische Medizin bedient sich ihrer seit eh und je, der fast in Vergessenheit geratenen Heilkräfte der Pilze. Heute gibt es immer mehr Forschungsprojekte, die nun wissenschaftlich nachweisen, was die Naturheilkunde schon lange wusste. Doch die Fülle an Informationen ist nahezu erschlagend und für den Laien oft nicht verständlich. Dieses Buch vermittelt nun mit einer Auswahl der zwölf wichtigsten Heilpilze gut verständlich, was in welcher Form eingesetzt werden kann.
Neben den bekannten wie Reishi, ABM und jenen der Gattung Cordyceps zeigt das Buch auch anhand der Inhaltsstoffe, dass sogar die beliebten Speisepilze Champignon oder Shiitake einen wichtigen Beitrag für die Gesundheit leisten können.
</marc:subfield>
   </marc:datafield>
   <marc:datafield ind1=" " ind2=" " tag="020">
      <marc:subfield code="a">9783935407168</marc:subfield>
      <marc:subfield code="9">9783935407168</marc:subfield>
   </marc:datafield>
   <marc:datafield ind1=" " ind2=" " tag="020">
      <marc:subfield code="a">3935407165</marc:subfield>
      <marc:subfield code="9">3935407165</marc:subfield>
   </marc:datafield>
   <marc:datafield ind1=" " ind2=" " tag="041">
      <marc:subfield code="a">ger</marc:subfield>
   </marc:datafield>
   <marc:datafield ind1=" " ind2=" " tag="300">
      <marc:subfield code="a">216, XVI S.</marc:subfield>
   </marc:datafield>
</marc:record>
